[Event "Brandenburg Seniors op 13th"]
[Site "Rowy"]
[Date "2004.06.26"]
[Round "5"]
[White "Adamkowicz, Zdzislaw"]
[Black "Joch, Horst"]
[Result "1-0"]
[WhiteElo "2000"]
[BlackElo "1639"]
[PlyCount "118"]
[EventDate "2004.06.21"]
[EventType "swiss"]
[EventRounds "9"]
[EventCountry "POL"]
[SourceTitle "EXT 2006"]
[Source "ChessBase"]
[SourceDate "2005.11.24"]
[SourceVersion "1"]
[SourceVersionDate "2005.11.24"]
[SourceQuality "1"]

1. c4 e6 2. Nc3 d5 3. cxd5 exd5 4. d4 c6 5. g3 Bb4 6. Bd2 Nf6 7. Bg2 0-0 8. a3 Ba5 9. Nf3 Bxc3 10. Bxc3 Ne4 11. Qb3 Re8 12. e3 Nd7 13. 0-0 Ndf6 14. Rac1 Nd6 15. Nd2 Qb6 16. Qxb6 axb6 17. Bb4 Nde4 18. Nf3 Nd7 19. Nd2 Nxd2 20. Bxd2 f5 21. Bb4 Nf6 22. h4 Re6 23. Bh3 g6 24. Bg2 Bd7 25. Rc2 Rae8 26. Bf3 Kg7 27. Kg2 h5 28. b3 Ra8 29. Ra1 Ne4 30. Rca2 Nd6 31. Bxd6 Rxd6 32. b4 Be8 33. a4 Rdd8 34. a5 b5 35. a6 Ra7 36. axb7 Rxb7 37. Ra8 Rxa8 38. Rxa8 Kf7 39. Bd1 Re7 40. Bc2 Kf6 41. Kf3 g5 42. hxg5+ Kxg5 43. Kg2 Bg6 44. Ra3 Re6 45. Kh3 Re7 46. Bd1 Re6 47. Ra7 Kh6 48. Bf3 Kg5 49. Ra6 Bf7 50. Ra7 Bg6 51. Ra8 Re7 52. Bd1 Re6 53. Rc8 Be8 54. Rc7 Bg6 55. Ra7 Re8 56. Ra3 Re7 57. Kg2 Re6 58. Ra6 Be8 59. Bf3 Bg6 1-0

[Event "Brandenburg Seniors op 13th"]
[Site "Rowy"]
[Date "2004.06.25"]
[Round "4"]
[White "Lipski, Tadeusz"]
[Black "Adamkowicz, Zdzislaw"]
[Result "1-0"]
[WhiteElo "2238"]
[BlackElo "2000"]
[PlyCount "47"]
[EventDate "2004.06.21"]
[EventType "swiss"]
[EventRounds "9"]
[EventCountry "POL"]
[SourceTitle "EXT 2006"]
[Source "ChessBase"]
[SourceDate "2005.11.24"]
[SourceVersion "1"]
[SourceVersionDate "2005.11.24"]
[SourceQuality "1"]

1. Nc3 d5 2. e4 dxe4 3. Nxe4 Nf6 4. Nxf6+ exf6 5. d4 Bd6 6. Bd3 Bd7 7. Be3 Qc8 8. Ne2 Bf5 9. Ng3 Bxd3 10. Qxd3 Bxg3 11. hxg3 h6 12. Qe4+ Kf8 13. d5 Nd7 14. 0-0-0 Kg8 15. Bf4 g5 16. Be3 Kg7 17. f4 Rf8 18. Qf3 Rh8 19. Bd4 a5 20. Rh5 Kg6 21. Rf1 c5 22. Bc3 b5 23. fxg5 Qa6 24. gxh6 1-0